00583nam a22002177a 450000500170000001000130001702000110003003500130004103700160005404000120007008200180008210000180010024500710011826000240018927000390021330000310025250000190028365000220030265000200032470000210034420170124110207.0 aA-861790 c135.00 aA-861790 bCen Lib/Ret aDPLbEN a001.6424bPAL aPalmer, Scott adBase for dos for dummies /cby Scott Palmer [and] Michael Stabler aDelhibPustak Mahal aF-2/16, Khari BaolibDelhie110006 axx,320p. :c23cm(Hb)bill. aIncludes index aComputer networks adBase Utilities aStabler, Michael